John f. kennedy (apunte) /

Guardado en:
Formato: Libro
Publicado: : , 01
Etiquetas: Agregar Etiqueta
Sin Etiquetas, Sea el primero en etiquetar este registro!
LEADER 00315nam a22001215a 4500
001 CEM.cems010209
005 20060214000000.0
008 130507b######################000#0#####d
003 CEMS
082 0 4 |a F920 
245 0 0 |a John f. kennedy (apunte) / 
260 |a  :  |b , 01 
859 |a CEMS  |b BIB. CEMS - 11 de abril  |h F920  |i 43  |p 1645.44  |t Ej.1